[Event "25th Klatovy B 2017"]
[Site "Klatovy CZE"]
[Date "2017.07.03"]
[Round "3.25"]
[White "Novy, Jan"]
[Black "Chmelik, Ladislav"]
[Result "0-1"]
[WhiteElo "1563"]
[BlackElo "1739"]
[PlyCount "89"]
[EventDate "2017.07.01"]
[EventType "swiss"]
[EventRounds "9"]
[EventCountry "CZE"]

1. c4 Nf6 2. Nf3 d5 3. b3 d4 4. Bb2 c5 5. d3 Nc6 6. e4 g6 7. Be2 Bh6 8. O-O Qc7 9. Bc1 Bxc1 10. Qxc1 Bd7 11. a3 Nh5 12. g3 Bg4 13. Qd1 Ng7 14. Nxd4 Bh3 15. Nb5 Qd7 16. Re1 a6 17. N5c3 Nd4 18. Nd5 Nxe2+ 19. Qxe2 Qd6 20. e5 Qd8 21. Nf4 Bd7 22. Nc3 O-O 23. Ne4 b6 24. Rad1 Nf5 25. e6 Nd4 26. Qg4 f5 27. Qh3 Nf3+ 28. Kh1 Bc6 29. Qh6 fxe4 30. dxe4 Qe8 31. Re3 Nd4 32. Rd2 Nf5 33. Qh3 Nxe3 34. fxe3 Bxe4+ 35. Kg1 Rd8 36. Nd5 Bf5 37. Qg2 Bxe6 38. e4 Qf7 39. h3 Rd7 40. Kh2 Qf3 41. Qg1 Qxe4 42. Qd1 Bxd5 43. cxd5 Rfd8 44. Re2 Qxd5 45. Qe1 0-1

[Event "25th Klatovy B 2017"]
[Site "Klatovy CZE"]
[Date "2017.07.03"]
[Round "3.26"]
[White "Kudrna, Miroslav"]
[Black "Kovarova, Oxana"]
[Result "0-1"]
[WhiteElo "1569"]
[BlackElo "1740"]
[PlyCount "64"]
[EventDate "2017.07.01"]
[EventType "swiss"]
[EventRounds "9"]
[EventCountry "CZE"]

1. e4 e5 2. Nf3 Nc6 3. Bb5 f5 4. d3 Nf6 5. Nc3 fxe4 6. dxe4 d6 7. Bg5 Be6 8. Qd2 Be7 9. O-O-O a6 10. Ba4 b5 11. Bb3 Bxb3 12. axb3 b4 13. Nd5 Nxe4 14. Bxe7 Nxe7 15. Qe3 Nf6 16. Nxb4 Qc8 17. h3 Qb7 18. Na2 O-O 19. Nc3 a5 20. Ng5 Nf5 21. Qf3 Qxf3 22. Nxf3 Ne7 23. Rhe1 Nh5 24. Re4 Nf4 25. Ne1 Ne6 26. Nf3 Nf5 27. Na4 Rab8 28. g4 Ne7 29. Rd3 Nf4 30. Rc3 Nfd5 31. Rd3 Nb4 32. Rde3 Ned5 0-1

[Event "25th Klatovy B 2017"]
[Site "Klatovy CZE"]
[Date "2017.07.03"]
[Round "3.27"]
[White "Flajsman, Petr"]
[Black "Ostry, Michal"]
[Result "1/2-1/2"]
[WhiteElo "1567"]
[BlackElo "1743"]
[PlyCount "53"]
[EventDate "2017.07.01"]
[EventType "swiss"]
[EventRounds "9"]
[EventCountry "CZE"]

1. e4 c5 2. Nf3 d6 3. c3 g6 4. d4 cxd4 5. cxd4 Bg7 6. Nc3 Nc6 7. Bb5 Bd7 8. Be3 Nf6 9. h3 a6 10. Bxc6 Bxc6 11. d5 Bd7 12. O-O O-O 13. Re1 Qa5 14. Bd4 Rac8 15. a3 e5 16. dxe6 Bxe6 17. e5 dxe5 18. Rxe5 Qc7 19. Rc5 Qd6 20. Rxc8 Rxc8 21. Be5 Qb6 22. Bd4 Qd6 23. Be5 Qc5 24. Rc1 Ne4 25. Bxg7 Qxf2+ 26. Kh2 Qg3+ 27. Kg1 1/2-1/2

[Event "25th Klatovy B 2017"]
[Site "Klatovy CZE"]
[Date "2017.07.03"]
[Round "3.28"]
[White "Stanik, Michal"]
[Black "Palla, Ivan"]
[Result "1-0"]
[WhiteElo "1746"]
[BlackElo "1552"]
[PlyCount "57"]
[EventDate "2017.07.01"]
[EventType "swiss"]
[EventRounds "9"]
[EventCountry "CZE"]

1. e4 c5 2. Nf3 Nc6 3. d4 cxd4 4. Nxd4 Nf6 5. Nc3 a6 6. Be2 e6 7. O-O Be7 8. Be3 O-O 9. f4 b5 10. e5 Ne8 11. Nxc6 dxc6 12. Qxd8 Bxd8 13. Bc5 Nc7 14. Bxf8 Kxf8 15. Rad1 Nd5 16. Nxd5 exd5 17. Bf3 Bb6+ 18. Kh1 Be3 19. g3 Bf5 20. Rfe1 Bb6 21. Re2 Rc8 22. g4 Bd7 23. f5 Re8 24. Rde1 Bc5 25. e6 Bc8 26. g5 g6 27. Bg4 fxe6 28. fxg6 hxg6 29. Bxe6 1-0

[Event "25th Klatovy B 2017"]
[Site "Klatovy CZE"]
[Date "2017.07.03"]
[Round "3.29"]
[White "Jedlicka, Pavel"]
[Black "Sova, Zdenek"]
[Result "0-1"]
[WhiteElo "1525"]
[BlackElo "1672"]
[PlyCount "120"]
[EventDate "2017.07.01"]
[EventType "swiss"]
[EventRounds "9"]
[EventCountry "CZE"]

1. f4 d5 2. d4 g6 3. e3 Bg7 4. c4 Nf6 5. Nc3 O-O 6. cxd5 Nxd5 7. Bc4 c6 8. Qb3 Nb6 9. Nf3 Nxc4 10. Qxc4 Be6 11. Qd3 Na6 12. a3 Nc7 13. O-O c5 14. Rd1 Bg4 15. Qe4 cxd4 16. Qxb7 Qb8 17. Qxb8 Raxb8 18. exd4 Bxf3 19. gxf3 Rfd8 20. Ne2 Ne6 21. Rb1 Rb3 22. d5 Nc7 23. Kf2 Rxd5 24. Rxd5 Nxd5 25. Bd2 Rxb2 26. Rxb2 Bxb2 27. a4 Kf8 28. Ng3 f5 29. h4 Ke8 30. h5 Nf6 31. hxg6 hxg6 32. Be3 a6 33. Nf1 Nd5 34. Nd2 Bc1 35. Nc4 Bxe3+ 36. Nxe3 Nxf4 37. Nc4 Kd7 38. Kg3 g5 39. Ne5+ Kc7 40. Nf7 Ne6 41. Nh6 f4+ 42. Kg4 Kb6 43. Nf5 Ka5 44. Nxe7 Kxa4 45. Nd5 a5 46. Kf5 Nd4+ 47. Ke4 Ne2 48. Kd3 Ng1 49. Ke4 Kb3 50. Nf6 a4 51. Nd7 a3 52. Nc5+ Kc2 53. Nd3 Kb1 54. Nb4 Nxf3 55. Kxf3 a2 56. Nd3 a1=Q 57. Kg4 Qd4 58. Kxg5 f3 59. Nf4 f2 60. Ne2 Qd2+ 0-1

[Event "25th Klatovy B 2017"]
[Site "Klatovy CZE"]
[Date "2017.07.03"]
[Round "3.30"]
[White "Bauer, Jan 2005"]
[Black "Rerabek, Jaroslav"]
[Result "0-1"]
[WhiteElo "1432"]
[BlackElo "1721"]
[PlyCount "108"]
[EventDate "2017.07.01"]
[EventType "swiss"]
[EventRounds "9"]
[EventCountry "CZE"]

1. e4 c5 2. Nf3 Nc6 3. d4 cxd4 4. Nxd4 Nf6 5. Nc3 g6 6. Be3 Bg7 7. f3 O-O 8. Qd2 e5 9. Nxc6 dxc6 10. O-O-O Qxd2+ 11. Rxd2 Be6 12. Be2 b5 13. Bc5 Rfc8 14. Rhd1 Bh6 15. Kb1 Bxd2 16. Rxd2 Rc7 17. Kc1 a5 18. Bd6 Rd7 19. Bxe5 Rxd2 20. Kxd2 Nd7 21. Bd6 a4 22. a3 Nb6 23. Kc1 Bc4 24. Bd1 f6 25. f4 Nd7 26. e5 fxe5 27. fxe5 Re8 28. Bf3 Nxe5 29. Bxe5 Rxe5 30. Bxc6 Kf7 31. b3 axb3 32. cxb3 Bxb3 33. Bxb5 Rc5 34. Kb2 Bc4 35. Ba4 Ke7 36. Ne4 Re5 37. Bc6 Bd5 38. Bxd5 Rxd5 39. Kc3 Re5 40. Ng3 Kd6 41. a4 Kc5 42. Kd3 Kb4 43. a5 Kxa5 44. Ne4 Kb6 45. Ke3 Kc6 46. Kf4 Rf5+ 47. Kg4 Kd5 48. Ng5 h6 49. Nf3 Ke4 50. Nh4 Rg5+ 51. Kh3 Ke3 52. g3 Kf2 53. Ng2 Ra5 54. Nf4 Ra3 0-1

[Event "25th Klatovy B 2017"]
[Site "Klatovy CZE"]
[Date "2017.07.03"]
[Round "3.31"]
[White "Svanda, Adam"]
[Black "Vavrinkova, Anna"]
[Result "1/2-1/2"]
[WhiteElo "1699"]
[BlackElo "1452"]
[PlyCount "57"]
[EventDate "2017.07.01"]
[EventType "swiss"]
[EventRounds "9"]
[EventCountry "CZE"]

1. c4 c6 2. Nc3 d5 3. cxd5 cxd5 4. g3 Nf6 5. Bg2 g6 6. Nf3 Nc6 7. O-O Bg7 8. d3 O-O 9. Bf4 Re8 10. Rc1 e5 11. Bg5 h6 12. Bxf6 Bxf6 13. Nd2 Be6 14. a3 a6 15. Na4 Bf5 16. Qb3 Nd4 17. Qd1 Qd6 18. e4 dxe4 19. dxe4 Bd7 20. Nc4 Qe7 21. Nab6 Rad8 22. Nd5 Qe6 23. Nc7 Qc6 24. Nxe8 Bxe8 25. Ne3 Qxc1 26. Qxc1 Ne2+ 27. Kh1 Nxc1 28. Rxc1 Bg5 29. Rd1 1/2-1/2

[Event "25th Klatovy B 2017"]
[Site "Klatovy CZE"]
[Date "2017.07.03"]
[Round "3.32"]
[White "Flajsman, Zdenek"]
[Black "Ruzicka, Filip1"]
[Result "1-0"]
[WhiteElo "1468"]
[BlackElo "1644"]
[PlyCount "159"]
[EventDate "2017.07.01"]
[EventType "swiss"]
[EventRounds "9"]
[EventCountry "CZE"]

1. e4 c5 2. Nf3 a6 3. d4 cxd4 4. Nxd4 e5 5. Nf3 Nf6 6. Nc3 Bb4 7. Bc4 Qc7 8. Qd3 b5 9. Bd5 Nxd5 10. exd5 O-O 11. O-O Bb7 12. Bd2 Re8 13. Rfe1 Bxc3 14. Bxc3 d6 15. Ng5 h6 16. Ne4 Rd8 17. a4 bxa4 18. Rxa4 Nd7 19. Ba5 Qb8 20. Bxd8 Qxd8 21. Ra3 Nb6 22. c4 Rc8 23. b3 f5 24. Ng3 g6 25. f3 Qc7 26. Kh1 Nd7 27. Qd2 Kh7 28. Qa5 Qb8 29. Qd2 Qa7 30. Rc1 Nb6 31. Qf2 a5 32. Rca1 Ra8 33. Rxa5 Qxa5 34. Rxa5 Rxa5 35. Qb2 Ba6 36. Kg1 Rc5 37. Qa3 Bc8 38. Qa7+ Nd7 39. Kf2 Kg7 40. Ke2 Kf6 41. Kd3 h5 42. b4 e4+ 43. fxe4 Ne5+ 44. Ke2 Rxc4 45. exf5 Bxf5 46. Nxf5 Kxf5 47. b5 Rc2+ 48. Kd1 Rxg2 49. b6 Rg1+ 50. Kc2 Rg2+ 51. Kb3 Rxh2 52. b7 Nd7 53. Qe3 Nc5+ 54. Ka3 Nxb7 55. Qf3+ Ke5 56. Qg3+ Kxd5 57. Qxh2 Ke6 58. Qg2 Nc5 59. Qxg6+ Kd5 60. Qxh5+ Kc6 61. Qg6 Kd5 62. Kb4 Ne4 63. Qf5+ Kd4 64. Qg4 d5 65. Qd1+ Ke5 66. Qd3 Kd6 67. Qd4 Ke6 68. Kb5 Kd6 69. Kb6 Ke6 70. Kc6 Nf6 71. Qh4 Ne4 72. Qg4+ Kf7 73. Qf5+ Nf6 74. Kd6 Kg7 75. Ke6 Ng8 76. Qxd5 Kf8 77. Qf5+ Kg7 78. Qg5+ Kh7 79. Kf7 Nh6+ 80. Kf8 1-0

[Event "25th Klatovy B 2017"]
[Site "Klatovy CZE"]
[Date "2017.07.03"]
[Round "3.33"]
[White "Lukes, Martin 2001"]
[Black "Frnoch, Vojtech"]
[Result "0-1"]
[WhiteElo "1474"]
[BlackElo "1660"]
[PlyCount "68"]
[EventDate "2017.07.01"]
[EventType "swiss"]
[EventRounds "9"]
[EventCountry "CZE"]

1. e4 c5 2. Nf3 Nc6 3. d4 cxd4 4. Nxd4 e5 5. Nf3 Nf6 6. Bd3 d6 7. c4 Bg4 8. h3 Bh5 9. Nc3 Be7 10. Be3 O-O 11. g4 Bg6 12. h4 h5 13. g5 Ng4 14. Bc1 f6 15. Nd5 fxg5 16. Nxe7+ Qxe7 17. hxg5 Rxf3 18. Qxf3 Rf8 19. Qg2 Nxf2 20. Qxf2 Rxf2 21. Kxf2 Qf7+ 22. Kg2 Qd7 23. Rh4 Nb4 24. Bb1 Qc6 25. b3 Na6 26. Be3 Nc5 27. Kf3 Ne6 28. Bd3 Qc7 29. Rc1 Qd8 30. Rg1 Qa5 31. Bb1 Qc3 32. Rc1 Nd4+ 33. Kf2 Qb2+ 34. Kf1 Qe2+ 0-1

[Event "25th Klatovy B 2017"]
[Site "Klatovy CZE"]
[Date "2017.07.03"]
[Round "3.34"]
[White "Kovar, Vaclav 1953"]
[Black "Kubat, Ladislav"]
[Result "1/2-1/2"]
[WhiteElo "1650"]
[BlackElo "1482"]
[PlyCount "34"]
[EventDate "2017.07.01"]
[EventType "swiss"]
[EventRounds "9"]
[EventCountry "CZE"]

1. d4 Nf6 2. c4 g6 3. Nc3 d5 4. Nf3 Bg7 5. Bg5 Ne4 6. Bf4 c5 7. Nxd5 Na6 8. e3 Qa5+ 9. Nd2 e6 10. Bc7 Qxd2+ 11. Qxd2 Nxd2 12. Kxd2 exd5 13. Bd6 cxd4 14. exd4 Be6 15. Re1 Kd7 16. c5 Bxd4 17. Bb5+ Kd8 1/2-1/2

[Event "25th Klatovy B 2017"]
[Site "Klatovy CZE"]
[Date "2017.07.03"]
[Round "3.35"]
[White "Cipera, Josef"]
[Black "Chmelik, Benedikt"]
[Result "1-0"]
[WhiteElo "1691"]
[BlackElo "1432"]
[PlyCount "63"]
[EventDate "2017.07.01"]
[EventType "swiss"]
[EventRounds "9"]
[EventCountry "CZE"]

1. e4 e6 2. d4 d5 3. e5 c5 4. Nf3 cxd4 5. Nxd4 Nd7 6. f4 Ne7 7. Bd3 Nc6 8. c3 Bc5 9. Nb3 O-O 10. Qh5 h6 11. g4 Re8 12. g5 hxg5 13. Bh7+ Kf8 14. Nxc5 Nxc5 15. Rg1 Ne4 16. Bxe4 dxe4 17. Qh8+ Ke7 18. Qxg7 Rg8 19. Qf6+ Ke8 20. Qxd8+ Kxd8 21. h4 Ne7 22. Rxg5 Rh8 23. h5 b6 24. Nd2 Bb7 25. Nc4 Nf5 26. Kf2 Ke7 27. Ne3 Nxe3 28. Bxe3 f6 29. Rg7+ Ke8 30. Rxb7 fxe5 31. Rh1 exf4 32. Bxf4 1-0

[Event "25th Klatovy B 2017"]
[Site "Klatovy CZE"]
[Date "2017.07.03"]
[Round "3.36"]
[White "Janous, Marek"]
[Black "Fekete, Frantisek 1941"]
[Result "1/2-1/2"]
[WhiteElo "1168"]
[BlackElo "1678"]
[PlyCount "58"]
[EventDate "2017.07.01"]
[EventType "swiss"]
[EventRounds "9"]
[EventCountry "CZE"]

1. e4 e5 2. Nf3 Nc6 3. d4 exd4 4. Bc4 Nf6 5. O-O Nxe4 6. Re1 d5 7. Bxd5 Qxd5 8. Nc3 Qh5 9. Nxe4 Be6 10. Bg5 Bd6 11. h3 O-O 12. Nxd4 Qxd1 13. Raxd1 Nxd4 14. Nxd6 Nxc2 15. Re2 cxd6 16. Rxc2 Rac8 17. Rxc8 Rxc8 18. Rxd6 h6 19. Bf4 Kf8 20. Bd2 Ke8 21. a3 Rd8 22. Rxd8+ Kxd8 23. Bc3 g6 24. Kh2 h5 25. Kg3 Bd7 26. f4 Ke7 27. Kf2 Be6 28. h4 Kd6 29. Ke3 Kd5 1/2-1/2

[Event "25th Klatovy B 2017"]
[Site "Klatovy CZE"]
[Date "2017.07.03"]
[Round "3.37"]
[White "Zimovcak, Zdenek"]
[Black "Vilimek, Vit"]
[Result "1-0"]
[WhiteElo "1623"]
[BlackElo "1276"]
[PlyCount "85"]
[EventDate "2017.07.01"]
[EventType "swiss"]
[EventRounds "9"]
[EventCountry "CZE"]

1. e4 e5 2. Nf3 Nc6 3. Bc4 Nf6 4. d3 Bc5 5. c3 d5 6. exd5 Nxd5 7. b4 Bb6 8. Qb3 Nce7 9. Nxe5 Be6 10. O-O Nf4 11. Bxf4 Bxc4 12. Qxc4 O-O 13. d4 Nd5 14. Bd2 f6 15. Nf3 Kh8 16. Qb3 a5 17. b5 Rb8 18. c4 Ne7 19. c5 Ba7 20. Bxa5 Qd7 21. b6 Bxb6 22. cxb6 Nc6 23. Bc3 Ne7 24. bxc7 Rbc8 25. Bb4 Qxc7 26. Bxe7 Qxe7 27. Nbd2 Qc7 28. h3 Rfe8 29. Rfe1 h6 30. Rxe8+ Rxe8 31. Rb1 Re7 32. Qb6 Qd7 33. Nc4 Qf5 34. Rb2 Qd3 35. Qd8+ Kh7 36. Qxe7 Qxc4 37. Rxb7 Qc1+ 38. Kh2 Kg6 39. Qe4+ f5 40. Rb6+ Kh7 41. Qxf5+ Kg8 42. Rb8+ Qc8 43. Rxc8# 1-0

[Event "25th Klatovy B 2017"]
[Site "Klatovy CZE"]
[Date "2017.07.03"]
[Round "3.38"]
[White "Maly, Jiri"]
[Black "Kalista, Frantisek"]
[Result "1-0"]
[WhiteElo "1646"]
[BlackElo "1000"]
[PlyCount "47"]
[EventDate "2017.07.01"]
[EventType "swiss"]
[EventRounds "9"]
[EventCountry "CZE"]

1. e4 e6 2. d4 d5 3. Nd2 g6 4. Ngf3 Bg7 5. c3 b6 6. Bd3 Ne7 7. O-O O-O 8. Re1 Bb7 9. b3 Nd7 10. e5 Re8 11. Nf1 Rc8 12. Bf4 c5 13. Rc1 a5 14. h3 Rc7 15. Qd2 Qc8 16. N1h2 cxd4 17. cxd4 Rxc1 18. Rxc1 Qb8 19. Ng4 Nf5 20. Bxf5 gxf5 21. Nf6+ Bxf6 22. exf6 Qd8 23. Be5 Nf8 24. Qh6 1-0

[Event "25th Klatovy B 2017"]
[Site "Klatovy CZE"]
[Date "2017.07.03"]
[Round "3.39"]
[White "Nagy, Ladislav"]
[Black "Stross, Frantisek 1952"]
[Result "1-0"]
[WhiteElo "1000"]
[BlackElo "1631"]
[PlyCount "144"]
[EventDate "2017.07.01"]
[EventType "swiss"]
[EventRounds "9"]
[EventCountry "CZE"]

1. Nf3 Nc6 2. g3 e5 3. d3 Nf6 4. e4 Bc5 5. Be3 Qe7 6. c3 Bxe3 7. fxe3 d6 8. h3 Be6 9. Nbd2 d5 10. exd5 Nxd5 11. Qe2 f5 12. d4 e4 13. Nh4 Qg5 14. Kf2 O-O 15. Ng2 Nf6 16. Nf4 Bf7 17. Qb5 Rab8 18. Bc4 a6 19. Bxf7+ Rxf7 20. Qc4 Na5 21. Qa4 Nc6 22. Rag1 Nh5 23. h4 Qh6 24. Nh3 Nf6 25. Nf4 Ng4+ 26. Ke2 Qd6 27. Nf1 b5 28. Qb3 b4 29. c4 Na5 30. Qc2 b3 31. Qc3 bxa2 32. Qxa5 Rxb2+ 33. Nd2 Rf8 34. Ra1 Rfb8 35. Rxa2 Rxa2 36. Qxa2 c5 37. d5 h6 38. Rb1 Ra8 39. Qb2 a5 40. Qb6 Qf8 41. Ra1 a4 42. Ra3 Rb8 43. Qa5 Ra8 44. Qb6 Ne5 45. Qe6+ Nf7 46. Qxf5 Qb8 47. Qxe4 Qb2 48. Qd3 Ne5 49. Qc3 Qb4 50. Ne6 Qxc3 51. Rxc3 a3 52. Rc1 a2 53. Ra1 Nd7 54. Nb3 Nb6 55. Kd3 Kf7 56. Nexc5 Ke7 57. Nc1 Kd6 58. Kd4 Rc8 59. Ne4+ Kd7 60. c5 Na8 61. Rxa2 Nc7 62. c6+ Kd8 63. Ke5 Nb5 64. Rf2 Ke7 65. Nd3 g5 66. h5 Rd8 67. Nb4 Ke8 68. Rf6 Rb8 69. Rxh6 Kf7 70. Nxg5+ Kg7 71. Rg6+ Kf8 72. Ne6+ Kf7 1-0

[Event "25th Klatovy B 2017"]
[Site "Klatovy CZE"]
[Date "2017.07.03"]
[Round "3.40"]
[White "Pozar, Pavel"]
[Black "Svec, Vitezslav"]
[Result "0-1"]
[WhiteElo "1000"]
[BlackElo "1630"]
[PlyCount "94"]
[EventDate "2017.07.01"]
[EventType "swiss"]
[EventRounds "9"]
[EventCountry "CZE"]

1. e4 e6 2. Nh3 d5 3. Ng5 Qxg5 4. exd5 exd5 5. Qe2+ Qe7 6. d4 Qxe2+ 7. Bxe2 Bd6 8. Bb5+ c6 9. Be2 Ne7 10. O-O O-O 11. Bg5 Re8 12. Bh5 Bf5 13. Na3 Bxa3 14. bxa3 Ng6 15. Rfe1 Nd7 16. Bxg6 Bxg6 17. g3 Bxc2 18. Re7 Rxe7 19. Bxe7 Re8 20. Re1 Be4 21. Bd6 Nf6 22. f3 Bxf3 23. Rb1 b6 24. Rf1 Be2 25. Rc1 Bc4 26. Be5 Ne4 27. Rc2 f6 28. Bc7 Ng5 29. Bf4 Re4 30. Bxg5 fxg5 31. Rf2 Rxd4 32. Rf5 g4 33. Re5 Rd1+ 34. Kf2 Rf1+ 35. Ke3 Re1+ 36. Kf4 Rxe5 37. Kxe5 c5 38. Kd6 d4 39. Ke5 d3 40. Ke4 d2 41. Kf4 d1=Q 42. Ke4 Qd3+ 43. Kf4 Qd4+ 44. Kf5 g6+ 45. Kg5 Kg7 46. Kh4 h5 47. h3 Qf6# 0-1

[Event "25th Klatovy B 2017"]
[Site "Klatovy CZE"]
[Date "2017.07.03"]
[Round "3.41"]
[White "Devera, Filip"]
[Black "Stanke, Petr"]
[Result "0-1"]
[WhiteElo "1000"]
[BlackElo "1284"]
[PlyCount "60"]
[EventDate "2017.07.01"]
[EventType "swiss"]
[EventRounds "9"]
[EventCountry "CZE"]

1. e4 e6 2. d4 d5 3. exd5 exd5 4. c4 Nf6 5. Nc3 Nc6 6. Nf3 Bg4 7. Qb3 Na5 8. Qa4+ c6 9. cxd5 Nxd5 10. Ne5 Be6 11. Bd2 Bb4 12. a3 Bxc3 13. Bxc3 Nxc3 14. bxc3 O-O 15. Bd3 f6 16. Nf3 b5 17. Qc2 Bb3 18. Bxh7+ Kh8 19. Qf5 Re8+ 20. Ne5 Bf7 21. O-O fxe5 22. Qh3 Qf6 23. Bg6+ Kg8 24. Qh7+ Kf8 25. Bxf7 Kxf7 26. Qh5+ g6 27. Qh7+ Qg7 28. Qh3 Rad8 29. dxe5 Qxe5 30. Rfe1 Qxe1+ 0-1

[Event "25th Klatovy B 2017"]
[Site "Klatovy CZE"]
[Date "2017.07.03"]
[Round "3.42"]
[White "Skalny, Petr"]
[Black "Vavrinkova, Jitka"]
[Result "1/2-1/2"]
[WhiteElo "1767"]
[BlackElo "1676"]
[PlyCount "45"]
[EventDate "2017.07.01"]
[EventType "swiss"]
[EventRounds "9"]
[EventCountry "CZE"]

1. d4 d5 2. c4 Nf6 3. Nf3 Bf5 4. cxd5 Qxd5 5. Nc3 Qa5 6. Bd2 e6 7. a3 c6 8. Ne4 Qc7 9. Nxf6+ gxf6 10. g3 Nd7 11. Bg2 O-O-O 12. O-O Be4 13. Qa4 Qb8 14. Bf4 Nb6 15. Bxb8 Nxa4 16. Bxa7 Nxb2 17. Nd2 Bxg2 18. Kxg2 b5 19. Ne4 f5 20. Nc3 Na4 21. Rfc1 Nxc3 22. Rxc3 Kb7 23. Bc5 1/2-1/2

[Event "25th Klatovy B 2017"]
[Site "Klatovy CZE"]
[Date "2017.07.03"]
[Round "3.43"]
[White "Nandin Erdene, Davaademberel 2008"]
[Black "Vavrinkova, Marie"]
[Result "0-1"]
[WhiteElo "1501"]
[BlackElo "1130"]
[PlyCount "48"]
[EventDate "2017.07.01"]
[EventType "swiss"]
[EventRounds "9"]
[EventCountry "CZE"]

1. e4 e5 2. Nf3 Nf6 3. Nxe5 d6 4. Nf3 Nxe4 5. Qe2 Qe7 6. d3 Nf6 7. Be3 g6 8. h3 Bg7 9. Qd2 O-O 10. Be2 Nd5 11. Bd4 Bxd4 12. Nxd4 Qf6 13. c3 Re8 14. O-O Nf4 15. Bf3 c6 16. Na3 Nd7 17. Rfe1 Rxe1+ 18. Rxe1 Ne5 19. Re3 Bxh3 20. gxh3 Qg5+ 21. Bg4 Nxh3+ 22. Kf1 Nxg4 23. Re2 Nh2+ 24. Ke1 Ng1 0-1

[Event "25th Klatovy B 2017"]
[Site "Klatovy CZE"]
[Date "2017.07.03"]
[Round "3.44"]
[White "Palla, Marek"]
[Black "Tomascik, Petr"]
[Result "0-1"]
[WhiteElo "1184"]
[BlackElo "1474"]
[PlyCount "62"]
[EventDate "2017.07.01"]
[EventType "swiss"]
[EventRounds "9"]
[EventCountry "CZE"]

1. e4 e6 2. d4 b6 3. c3 Bb7 4. Qd3 c5 5. Bf4 cxd4 6. cxd4 Nf6 7. Nc3 Bb4 8. Rc1 Bxc3+ 9. Rxc3 Bxe4 10. Qg3 Nh5 11. Qe3 Bd5 12. Bxb8 Rxb8 13. Qe5 Nf6 14. Qg5 O-O 15. Rg3 g6 16. Qh6 Rc8 17. Bd3 Qe7 18. a3 Ne4 19. Bxe4 Bxe4 20. Rh3 f5 21. f3 Bd3 22. Qe3 Bc4 23. b3 Qxa3 24. Qh6 Qa1+ 25. Kf2 Qxd4+ 26. Kg3 Qe5+ 27. Kf2 Rf7 28. bxc4 Rxc4 29. Ne2 a5 30. Rb1 b5 31. Ra1 Qxa1 0-1

[Event "25th Klatovy B 2017"]
[Site "Klatovy CZE"]
[Date "2017.07.03"]
[Round "3.45"]
[White "Dolejs, Jakub"]
[Black "Lang, Simon"]
[Result "1-0"]
[WhiteElo "1442"]
[BlackElo "1166"]
[PlyCount "117"]
[EventDate "2017.07.01"]
[EventType "swiss"]
[EventRounds "9"]
[EventCountry "CZE"]

1. d4 d5 2. c4 e6 3. Nc3 Nf6 4. Bg5 Be7 5. e3 O-O 6. Bd3 Nbd7 7. Nge2 c5 8. dxc5 Nxc5 9. cxd5 Nxd5 10. Nxd5 Bxg5 11. Nb4 a5 12. Rc1 Nxd3+ 13. Nxd3 e5 14. Nxe5 Qxd1+ 15. Rxd1 Bf6 16. Nd3 Rd8 17. O-O Bf5 18. Nec1 Rac8 19. b3 Rc3 20. Nf4 Rdc8 21. Nd5 R3c6 22. Nxf6+ Rxf6 23. Rd5 b6 24. Rfd1 g6 25. Rd8+ Rxd8 26. Rxd8+ Kg7 27. Ne2 Bb1 28. a4 Rc6 29. Rd1 Rc2 30. Rxb1 Rxe2 31. g3 Kf6 32. Rd1 Ke5 33. Rd7 Rb2 34. Rxf7 Rxb3 35. Rxh7 Rb4 36. Rh4 g5 37. Rh6 b5 38. axb5 Rxb5 39. f4+ gxf4 40. Rh5+ Ke4 41. Rxb5 fxe3 42. Rxa5 e2 43. Ra1 Kd3 44. Kf2 Ke4 45. Re1 Kf5 46. Rxe2 Kg5 47. Re4 Kf5 48. Kf3 Kg5 49. Rf4 Kg6 50. Kg4 Kh6 51. Rf5 Kg6 52. Kf4 Kh6 53. Rg5 Kh7 54. Kf5 Kh6 55. Kf6 Kh7 56. Rg6 Kh8 57. Kf7 Kh7 58. h3 Kh8 59. Rh6# 1-0

[Event "25th Klatovy B 2017"]
[Site "Klatovy CZE"]
[Date "2017.07.03"]
[Round "3.46"]
[White "Kadlec, Rudolf"]
[Black "Bukvaj, Jan"]
[Result "1-0"]
[WhiteElo "1436"]
[BlackElo "1100"]
[PlyCount "103"]
[EventDate "2017.07.01"]
[EventType "swiss"]
[EventRounds "9"]
[EventCountry "CZE"]

1. e4 e5 2. d4 Nc6 3. d5 Nd4 4. c3 Qh4 5. cxd4 Qxe4+ 6. Be3 exd4 7. Qxd4 Qxd4 8. Bxd4 Bb4+ 9. Nc3 Bxc3+ 10. bxc3 Nf6 11. Bxf6 gxf6 12. Nf3 c6 13. d6 O-O 14. Kd2 Re8 15. Re1 Rxe1 16. Nxe1 Kg7 17. Bd3 b5 18. Nc2 Ba6 19. Nb4 Bb7 20. f3 c5 21. Nc2 c4 22. Bf5 Bc8 23. Re1 Bb7 24. Re7 Rc8 25. Rxd7 Bc6 26. Rxa7 Rd8 27. d7 Kh6 28. Nb4 Kg5 29. Nxc6 Rh8 30. d8=Q Rxd8+ 31. Nxd8 Kxf5 32. Rxf7 Kg6 33. g4 h5 34. gxh5+ Kxh5 35. Rxf6 Kg5 36. Rf8 Kh4 37. Rg8 Kh3 38. Ke3 Kxh2 39. a3 Kh3 40. Kd4 Kh4 41. Kc5 Kh5 42. Kxb5 Kh6 43. Kxc4 Kh7 44. Rg1 Kh6 45. a4 Kh5 46. a5 Kh4 47. a6 Kh3 48. a7 Kh2 49. Rg4 Kh3 50. a8=Q Kh2 51. f4 Kh3 52. Qg2# 1-0

[Event "25th Klatovy B 2017"]
[Site "Klatovy CZE"]
[Date "2017.07.03"]
[Round "3.47"]
[White "Novotny, Jaromir"]
[Black "Bukvaj, Martin"]
[Result "1-0"]
[WhiteElo "1394"]
[BlackElo "1100"]
[PlyCount "39"]
[EventDate "2017.07.01"]
[EventType "swiss"]
[EventRounds "9"]
[EventCountry "CZE"]

1. e4 e5 2. Nf3 Nc6 3. d4 exd4 4. Bc4 d5 5. Bxd5 Nf6 6. Bg5 Bc5 7. O-O O-O 8. Bb3 Re8 9. Nbd2 Bb4 10. Ba4 Bxd2 11. Nxd2 Qe7 12. f3 Ne5 13. Bxe8 Qxe8 14. Nb3 Nc4 15. Qxd4 Be6 16. Bxf6 gxf6 17. Rfd1 Nd6 18. Qxf6 Kf8 19. Nc5 Qe7 20. Qh8# 1-0

[Event "25th Klatovy B 2017"]
[Site "Klatovy CZE"]
[Date "2017.07.03"]
[Round "3.48"]
[White "Filip, Petr 1952"]
[Black "Skrivan, Matej 2008"]
[Result "1-0"]
[WhiteElo "1372"]
[BlackElo "1100"]
[PlyCount "61"]
[EventDate "2017.07.01"]
[EventType "swiss"]
[EventRounds "9"]
[EventCountry "CZE"]

1. d4 d5 2. c4 dxc4 3. Nf3 e5 4. Nxe5 Nc6 5. Nf3 Bb4+ 6. Bd2 Bxd2+ 7. Qxd2 Nf6 8. Qe3+ Be6 9. Qd2 O-O 10. Nc3 Bg4 11. e3 Bxf3 12. gxf3 Qd7 13. Bg2 Rad8 14. O-O Ne5 15. Qe2 Nd3 16. Kh1 Rfe8 17. f4 Nxf4 18. Qf3 Nxg2 19. Qxg2 Ng4 20. Ne4 Nxf2+ 21. Rxf2 g6 22. Nf6+ Kh8 23. Nxd7 Rxd7 24. Re1 Rxd4 25. Rf3 c3 26. bxc3 Rde4 27. Qf2 b5 28. Rxf7 Kg8 29. Rxc7 b4 30. Qf7+ Kh8 31. Qxh7# 1-0

[Event "25th Klatovy B 2017"]
[Site "Klatovy CZE"]
[Date "2017.07.03"]
[Round "3.49"]
[White "Veverkova, Dorota"]
[Black "Vilasek, Martin"]
[Result "1-0"]
[WhiteElo "1240"]
[BlackElo "1100"]
[PlyCount "113"]
[EventDate "2017.07.01"]
[EventType "swiss"]
[EventRounds "9"]
[EventCountry "CZE"]

1. e4 e5 2. Nf3 Nc6 3. Bc4 Nf6 4. Ng5 d5 5. exd5 Nb4 6. d6 Be6 7. Bxe6 fxe6 8. Nxe6 Qxd6 9. Nxf8 Qxf8 10. d4 exd4 11. O-O Qf7 12. Re1+ Kf8 13. Bf4 Nfd5 14. Bd2 Kg8 15. Bxb4 Nxb4 16. Qe2 Rf8 17. Na3 Rd8 18. Rad1 Nc6 19. Nc4 Kf8 20. Ne5 Qe7 21. Qf3+ Qf6 22. Nxc6 bxc6 23. Re4 Qxf3 24. gxf3 c5 25. c3 d3 26. Re5 c4 27. Rc5 Kf7 28. Rxc7+ Kg6 29. Rxc4 Rd7 30. Rd4 Rhd8 31. R1xd3 Rxd4 32. Rxd4 Rb8 33. Rb4 Rf8 34. Rg4+ Kh6 35. Kg2 Rb8 36. Rb4 Rf8 37. c4 Rf5 38. Rb5 Rf6 39. c5 Rg6+ 40. Kf1 Ra6 41. a3 g5 42. Rb4 Rc6 43. Rc4 Kg6 44. b4 a6 45. a4 Kf5 46. b5 axb5 47. axb5 Rc7 48. b6 Rb7 49. c6 Rxb6 50. c7 Rb1+ 51. Kg2 Ke5 52. c8=Q Rd1 53. Re4+ Kd5 54. Qe6+ Kc5 55. Rc4+ Kb5 56. Qc6+ Ka5 57. Ra4# 1-0